Statystyki dla Najlepsi strzelcy w reprezentacjach europejskich

Kliknij tutaj aby rozwiązać quiz!

Ogólne statystyki

  • Ten quiz został rozwiązany 165 razy
  • Średni wynik to 13 z 55

Statystyki odpowiedzi

HintOdpowiedź% Poprawnych
PolskaRobert Lewandowski72
94%
PortugaliaCristiano Ronaldo111
90%
BelgiaRomelu Lukaku67
75%
WaliaGareth Bale36
71%
SzwecjaZlatan Ibrahimovic62
70%
NiemcyMiroslav Klose71
67%
FrancjaThierry Henry51
61%
HiszpaniaDavid Villa59
59%
AngliaWayne Rooney53
57%
WęgryFerenc Puskas84
54%
Bośnia i HercegowinaEdin Dzeko60
53%
HolandiaRobin van Persie50
53%
IrlandiaRobbie Keane68
45%
ChorwacjaDavor Suker40
41%
UkrainaAndriy Shevchenko48
38%
FinlandiaJari Litmanen32
34%
RumuniaGheorghe Hagi32
33%
Macedonia PółnocnaGoran Pandev31
33%
CzechyJan Koller53
32%
SzkocjaDenis Law/ Kenny Dalglish32
26%
SerbiaAleksandar Mitrovic43
21%
RosjaArtem Dzyuba/Aleksandr Kerzhakov30
21%
BułgariaDimitar Berbatov43
20%
SłowacjaMarek Hamsik26
20%
ArmeniaHenrikh Mkhitaryan31
18%
CzarnogóraStevan Jovetic31
18%
IzraelEran Zahavi31
14%
TurcjaHakan Sukur51
13%
NorwegiaJohn Carew24
12%
DaniaJon Dahl Tomasson52
12%
GrecjaNikolaos Anastopoulos/Angelos Charisteas25
11%
SzwajcariaAlexander Frei42
9%
IslandiaKolbeinn Sigthorsson/Eidur Gudjohnsen26
9%
San MarinoAndy Selva8
7%
KosowoVedat Muriqi17
7%
SłoweniaZlatko Zahovic34
6%
Irlandia PółnocnaDavid Healy36
4%
WłochyLuigi Riva35
4%
LiechtensteinMario Frick16
4%
AndoraIldefons Lima11
3%
ŁotwaMaris Verpakovskis28
3%
MaltaMichael Mifsud38
3%
AustriaToni Polster46
3%
Wyspy OwczeRogvi Jacobsen10
2%
GruzjaShota Arveladze26
2%
EstoniaAndres Oper36
1%
LitwaArvydas Novikovas12
1%
LuksemburgAurelien Joachim15
1%
AlbaniaErjon Bogdani15
1%
CyprMichalis Konstantinou26
1%
AzerbejdżanQurban Qurbanov8
1%
GibraltarReece Styche3
1%
MołdawiaAlexandru Epureanu8
0%
KazachstanBaktiyar Zaynutdinov8
0%
BiałoruśMaksim Romashchenko20
0%

Rozkład punktacji

Percentyl według liczby udzielonych odpowiedzi

Procent ludzi z każdym wynikiem

Twoja historia wyników

Nie rozwiązałeś tego quizu